| 000 | 00741nam a2200241 a 4500 | ||
|---|---|---|---|
| 008 | |||
| 020 | _a0130493627 (pbk.) | ||
| 049 | _aMAIN | ||
| 090 | _aQ336 | ||
| 100 | 1 | _aRowe, Neil Charles. | |
| 245 | 1 | 0 |
_aArtificial intelligence through Prolog / _cNeil C. Rowe. |
| 260 |
_aLondon : _bPrentice-Hall, _cc1988. |
||
| 300 |
_axx, 451 p. : _bill. ; _c24 cm. |
||
| 500 | _aIncludes index. | ||
| 504 | _aIncludes bibliographical references: p. 402-405. | ||
| 650 | 0 |
_aArtificial intelligence _xData processing. |
|
| 650 | 0 | _aProlog (Computer program language) | |
| 907 |
_a.b10042489 _b13-08-03 _c17-04-03 |
||
| 003 | |||
| 005 | 20230123133356.0 | ||
| 040 | _cNUST | ||
| 942 |
_cBOOKS _kQ336 |
||
| 999 |
_c147523 _d147523 |
||